| 000 | 00352nab a22001097u 4500 | ||
|---|---|---|---|
| 008 | 130520b1985 xxu||||| |||| 00| 0 spa d | ||
| 041 | _aspa | ||
| 100 | 1 |
_aCaucanas-Pisier, P. _967346 |
|
| 245 | 0 | 0 |
_aAsociaciones en defensa del derecho a morir dignamente _cP. Caucanas-Pisier |
| 773 | 0 |
_tConcilium _gV.1,1985,págs.375-385 _x0210-1041 _wRev134 |
|
| 942 | _cAR | ||
| 999 |
_c355138 _d355138 |
||